| 000 | 00502nam a2200181Ia 4500 | ||
|---|---|---|---|
| 005 | 20250326143606.0 | ||
| 008 | 250326s9999 xx 000 0 und d | ||
| 037 | _aTextbook | ||
| 040 |
_aFMSL _beng _cFMSL |
||
| 041 |
_aeng _2eng |
||
| 084 |
_aX61 P4 _qFMSL |
||
| 100 |
_aSatish D _9748240 |
||
| 245 | 0 |
_aCurrency risk management : concepts and cases _cSatish D |
|
| 260 |
_aIndia _bIndia, ICFAI University _c2004 |
||
| 300 | _a173p | ||
| 942 |
_cTB _hX61 P4 |
||
| 999 |
_c1300185 _d1300185 |
||